000 00296nam a22001337a 4500
008 170601b xxu||||| |||| 00| 0 eng d
020 _a9780064302180
041 _aeng
080 _a94(6)
100 _a17
101 _aSHH
245 _aTHE AFRICAN EXPERIENCE
_cOLIVER.R
942 _2udc
_cBK
999 _c15181
_d15181